Auchinleck : (Record no. 187371)

000 -LEADER
fixed length control field 00827 a2200241 4500
003 - CONTROL NUMBER IDENTIFIER
control field Nust
005 - DATE AND TIME OF LATEST TRANSACTION
control field 20230202142947.0
010 ## - LIBRARY OF CONGRESS CONTROL NUMBER
LC control number 91127989
020 ## - INTERNATIONAL STANDARD BOOK NUMBER
International Standard Book Number 0946270961 :
040 ## - CATALOGING SOURCE
Transcribing agency Nust
082 ## - DEWEY DECIMAL CLASSIFICATION NUMBER
Classification number 952.3,THE
100 1# - MAIN ENTRY--PERSONAL NAME
Personal name Connell, John
9 (RLIN) 57639
245 10 - TITLE STATEMENT
Title Auchinleck :
Remainder of title a biography of Field-Marshal Sir Claude Auchinleck /
Statement of responsibility, etc. John Connell,
250 ## - EDITION STATEMENT
Edition statement 1st ed
260 ## - PUBLICATION, DISTRIBUTION, ETC.
Place of publication, distribution, etc. Witton le Wear, Durham :
Name of publisher, distributor, etc. Pentland Press Ltd.,
Date of publication, distribution, etc. 1959
300 ## - PHYSICAL DESCRIPTION
Extent xxiii, 975 p.,
Other physical details illus., maps ;
Dimensions 24 cm.
600 10 - SUBJECT ADDED ENTRY--PERSONAL NAME
Personal name Connell, John
Dates associated with a name 1884-
9 (RLIN) 108553
610 10 - SUBJECT ADDED ENTRY--CORPORATE NAME
Corporate name or jurisdiction name as entry element Great Britain.
Subordinate unit Army
General subdivision Biography.
9 (RLIN) 108554
650 #0 - SUBJECT ADDED ENTRY--TOPICAL TERM
Topical term or geographic name entry element Marshals
Geographic subdivision Great Britain
General subdivision Biography.
9 (RLIN) 108555
650 #0 - SUBJECT ADDED ENTRY--TOPICAL TERM
Topical term or geographic name entry element World War, 1939-1945
General subdivision Campaigns
Geographic subdivision Africa, North.
9 (RLIN) 37824
651 #0 - SUBJECT ADDED ENTRY--GEOGRAPHIC NAME
Geographic name India
General subdivision History
Chronological subdivision British occupation, 1765-1947
General subdivision Biography.
9 (RLIN) 20619
942 ## - ADDED ENTRY ELEMENTS (KOHA)
Source of classification or shelving scheme
Koha item type Book
Holdings
Withdrawn status Lost status Source of classification or shelving scheme Damaged status Not for loan Permanent Location Current Location Shelving location Date acquired Shelving control number Full call number Barcode Date last seen Price effective from Koha item type Public note
          Military College of Signals (MCS) Military College of Signals (MCS) General Stacks 12/12/2016 History 952.3,THE MCS29265 12/08/2016 12/12/2016 Book Almirah No.61, Shelf No.2
© 2023 Central Library, National University of Sciences and Technology. All Rights Reserved.